Open Source Systems: Towards Robust Practices (Запис № 443763)

МАРК-запис
000 -LEADER
fixed length control field 03746nam a22006615i 4500
001 - CONTROL NUMBER
control field 978-3-319-57735-7
003 - CONTROL NUMBER IDENTIFIER
control field DE-He213
005 - DATE AND TIME OF LATEST TRANSACTION
control field 20200124161847.0
007 - PHYSICAL DESCRIPTION FIXED FIELD--GENERAL INFORMATION
fixed length control field cr nn 008mamaa
008 - FIXED-LENGTH DATA ELEMENTS--GENERAL INFORMATION
fixed length control field 170422s2017 gw | s |||| 0|eng d
020 ## - INTERNATIONAL STANDARD BOOK NUMBER
International Standard Book Number 9783319577357
-- 978-3-319-57735-7
024 7# - OTHER STANDARD IDENTIFIER
Standard number or code 10.1007/978-3-319-57735-7
Source of number or code doi
050 #4 - LIBRARY OF CONGRESS CALL NUMBER
Classification number QA76.9.M3
072 #7 - SUBJECT CATEGORY CODE
Subject category code UYZM
Source bicssc
072 #7 - SUBJECT CATEGORY CODE
Subject category code BUS083000
Source bisacsh
072 #7 - SUBJECT CATEGORY CODE
Subject category code UYZM
Source thema
072 #7 - SUBJECT CATEGORY CODE
Subject category code UKR
Source thema
082 04 - DEWEY DECIMAL CLASSIFICATION NUMBER
Classification number 005.74
Edition number 23
245 10 - TITLE STATEMENT
Title Open Source Systems: Towards Robust Practices
Medium [electronic resource] :
Remainder of title 13th IFIP WG 2.13 International Conference, OSS 2017, Buenos Aires, Argentina, May 22-23, 2017, Proceedings /
Statement of responsibility, etc edited by Federico Balaguer, Roberto Di Cosmo, Alejandra Garrido, Fabio Kon, Gregorio Robles, Stefano Zacchiroli.
250 ## - EDITION STATEMENT
Edition statement 1st ed. 2017.
264 #1 -
-- Cham :
-- Springer International Publishing :
-- Imprint: Springer,
-- 2017.
300 ## - PHYSICAL DESCRIPTION
Extent XIV, 220 p. 37 illus.
Other physical details online resource.
336 ## -
-- text
-- txt
-- rdacontent
337 ## -
-- computer
-- c
-- rdamedia
338 ## -
-- online resource
-- cr
-- rdacarrier
347 ## -
-- text file
-- PDF
-- rda
490 1# - SERIES STATEMENT
Series statement IFIP Advances in Information and Communication Technology,
Міжнародний стандартний серійний номер для назви серії (ISSN) 1868-4238 ;
Том/ позначення послідовності 496
506 0# - RESTRICTIONS ON ACCESS NOTE
Terms governing access Open Access
520 ## - SUMMARY, ETC.
Summary, etc This book is open access under a CC BY license. This book constitutes the refereed proceedings of the 13th IFIP WG 2.13 International Conference on Open Source Systems, OSS 2017, held in Buenos Aires, Argentina, in May 2017. The 16 revised full papers and 3 short papers presented were carefully reviewed and selected from 32 submissions. The papers cover a wide range of topics related to free, libre, and open source software (FLOSS), including: licensing, strategies, and practices; case studies; projects, communication, and participation; tools; and project management, development and evaluation.
650 #0 - SUBJECT ADDED ENTRY--TOPICAL TERM
Topical term or geographic name as entry element Management information systems.
650 #0 - SUBJECT ADDED ENTRY--TOPICAL TERM
Topical term or geographic name as entry element Computer science.
650 #0 - SUBJECT ADDED ENTRY--TOPICAL TERM
Topical term or geographic name as entry element Software engineering.
650 #0 - SUBJECT ADDED ENTRY--TOPICAL TERM
Topical term or geographic name as entry element Computers.
650 #0 - SUBJECT ADDED ENTRY--TOPICAL TERM
Topical term or geographic name as entry element Law and legislation.
650 #0 - SUBJECT ADDED ENTRY--TOPICAL TERM
Topical term or geographic name as entry element Application software.
650 14 - SUBJECT ADDED ENTRY--TOPICAL TERM
Topical term or geographic name as entry element Management of Computing and Information Systems.
-- http://scigraph.springernature.com/things/product-market-codes/I24067
650 24 - SUBJECT ADDED ENTRY--TOPICAL TERM
Topical term or geographic name as entry element Software Engineering.
-- http://scigraph.springernature.com/things/product-market-codes/I14029
650 24 - SUBJECT ADDED ENTRY--TOPICAL TERM
Topical term or geographic name as entry element Legal Aspects of Computing.
-- http://scigraph.springernature.com/things/product-market-codes/I24059
650 24 - SUBJECT ADDED ENTRY--TOPICAL TERM
Topical term or geographic name as entry element Information Systems Applications (incl. Internet).
-- http://scigraph.springernature.com/things/product-market-codes/I18040
700 1# - ADDED ENTRY--PERSONAL NAME
Personal name Balaguer, Federico.
Relator term editor.
Relator code edt
-- http://id.loc.gov/vocabulary/relators/edt
700 1# - ADDED ENTRY--PERSONAL NAME
Personal name Di Cosmo, Roberto.
Relator term editor.
Relator code edt
-- http://id.loc.gov/vocabulary/relators/edt
700 1# - ADDED ENTRY--PERSONAL NAME
Personal name Garrido, Alejandra.
Relator term editor.
Relator code edt
-- http://id.loc.gov/vocabulary/relators/edt
700 1# - ADDED ENTRY--PERSONAL NAME
Personal name Kon, Fabio.
Relator term editor.
Relator code edt
-- http://id.loc.gov/vocabulary/relators/edt
700 1# - ADDED ENTRY--PERSONAL NAME
Personal name Robles, Gregorio.
Relator term editor.
Relator code edt
-- http://id.loc.gov/vocabulary/relators/edt
700 1# - ADDED ENTRY--PERSONAL NAME
Personal name Zacchiroli, Stefano.
Relator term editor.
Relator code edt
-- http://id.loc.gov/vocabulary/relators/edt
710 2# - ADDED ENTRY--CORPORATE NAME
Corporate name or jurisdiction name as entry element SpringerLink (Online service)
773 0# - HOST ITEM ENTRY
Title Springer eBooks
776 08 - ADDITIONAL PHYSICAL FORM ENTRY
Display text Printed edition:
International Standard Book Number 9783319577340
776 08 - ADDITIONAL PHYSICAL FORM ENTRY
Display text Printed edition:
International Standard Book Number 9783319577364
776 08 - ADDITIONAL PHYSICAL FORM ENTRY
Display text Printed edition:
International Standard Book Number 9783319862378
830 #0 - SERIES ADDED ENTRY--UNIFORM TITLE
Uniform title IFIP Advances in Information and Communication Technology,
-- 1868-4238 ;
Volume number/sequential designation 496
856 40 - ELECTRONIC LOCATION AND ACCESS
Uniform Resource Identifier <a href="https://doi.org/10.1007/978-3-319-57735-7">https://doi.org/10.1007/978-3-319-57735-7</a>
912 ## -
-- ZDB-2-SCS
912 ## -
-- ZDB-2-SOB
942 ## - ADDED ENTRY ELEMENTS (KOHA)
Koha item type ЕКнига

Немає доступних примірників.